000 00590nam a2200193Ia 4500
005 20250508151036.0
008 008 250505s9999 xx 000 0 eng d
037 _aTextual
040 _aFEDL
_beng
_cFEDL
041 _aeng
_2eng
084 _a371.73, NAS
_qFEDL
100 _aNash J B
_9758277
245 0 _aPhysical education: Organization and administration
260 _aNew York, USA
_bA S Barnes and Company
_c1951
300 _aviii,498p.
700 _a Moench Francis J Saurborn Jeannette B
_9758278
942 _cTEXL
_h371.73, NAS
999 _c1327230
_d1327230